| 000 | 00361 a2200169 4500 | ||
|---|---|---|---|
| 001 | 58804 | ||
| 020 | _a9788516055028 | ||
| 040 | _cAnchieta - Pituba | ||
| 100 | _aApolinário, Maria Raquel | ||
| 240 | 1 | 0 |
_aHistória, 8 _lpor |
| 245 | 1 | 0 | _aHistória, 8 |
| 300 | _a256 | ||
| 362 | 0 | _a2007 | |
| 440 | 1 | _aModerna | |
| 650 | 4 | _aHistória do mundo | |
| 942 | _cBK | ||
| 999 |
_c58804 _d58804 |
||